000
00309 a2200145 4500
001
169561
020
_a
040
_c
Magnum
100
_a
Hostie, Raymond
240
1
0
_a
Tecnicas de dinamica de grupo
_l
ESP
245
1
0
_a
Tecnicas de dinamica de grupo
362
0
_a
1899
697
_a
ENSINO
942
_c
BK
999
_c
169561
_d
169561